[Event "RC SPORT Open"]
[Site "Usti nad Orlici CZE"]
[Date "2006.05.01"]
[Round "3"]
[White "Volf,J"]
[Black "Petr,Ma"]
[Result "0-1"]
[WhiteElo "2168"]
[BlackElo "2416"]

1.e4 c5 2.c3 Nf6 3.e5 Nd5 4.d4 cxd4 5.cxd4 d6 6.Nf3 Nc6 7.Bc4 Nb6 8.Be2 Bg4
9.O-O e6 10.Nc3 Be7 11.Bf4 O-O 12.a3 d5 13.h3 Bh5 14.Rc1 Rc8 15.Re1 a6 16.Na4 Nc4
17.Bxc4 dxc4 18.g4 Bg6 19.Nc5 Nxd4 20.Nxb7 Qd5 21.Qxd4 Qxb7 22.Qc3 Rfd8 23.Red1 Bd3
24.Ne1 Bc5 25.Nxd3 cxd3 26.Rxd3 Bxf2+ 27.Kxf2 Qb6+ 28.Be3 Rxc3 29.Bxb6 Rcxd3
30.Bxd8 Rxd8 31.Rc6 g5 32.b4 a5 33.b5 Rd3 34.b6 Rb3 35.Rc5 a4 36.Rc4 Rxb6
37.Rxa4 Rb3 38.Kg2 Kg7 39.Ra5 Kg6 40.a4 Rb2+ 41.Kf3 Rb3+ 42.Kg2 h5 43.Rb5 Ra3
44.a5 Ra2+ 45.Kf3 h4 46.Ke4 Ra3 47.Kd4 Rxh3 48.Kc5 Rg3 49.a6 h3 50.a7 Ra3
51.Rb3 Rxa7 52.Rxh3 Ra5+ 53.Kd6 Rd5+ 54.Ke7 Rxe5 55.Rh8 Ra5 56.Rg8+ Kh7 57.Rf8 Kg6
58.Rg8+ Kh7 59.Rf8 Ra7+ 60.Kf6 Ra4 61.Rxf7+ Kh6 62.Kxe6 Rxg4 63.Ke5 Rg3 64.Ke4 Kh5
65.Rh7+ Kg4 66.Rh1 Rg2 67.Ke3 Kg3 68.Rf1 g4 69.Rf8 Rg1 70.Ke2 Kh2 71.Rg8 g3
72.Kf3 Rf1+ 73.Ke2 Rf5 74.Rh8+ Kg1 75.Rg8 g2 76.Rh8 Re5+ 77.Kd2 Kf2 78.Rf8+ Kg3
79.Rg8+ Kf3 80.Kd1 Re4  0-1

[Event "4th TCh-SCG"]
[Site "Vrnjacka Banja SCG"]
[Date "2006.05.04"]
[Round "4"]
[White "Simonovic,A"]
[Black "Adzic,M"]
[Result "1/2-1/2"]
[WhiteElo "2422"]
[BlackElo "2218"]

1.e4 c5 2.c3 Nf6 3.e5 Nd5 4.Nf3 e6 5.Bc4 Nb6 6.Bb3 Nc6 7.d4 cxd4 8.cxd4 d6
9.O-O dxe5 10.dxe5 Qxd1 11.Rxd1 Be7 12.Nc3 O-O 13.Be3 Nd7 14.Nb5 Bd8 15.Rac1 Bb6
16.Bf4 h6 17.h4 Rd8 18.a3 Rb8 19.h5 Nf8 20.Nd6 Bc7 21.Nb5 Bb6 22.Bg3 Rxd1+
23.Rxd1 Bd7 24.Nd6 Bd8 25.Bc2 Be7 26.Be4 Bxd6 27.exd6 f6 28.Nd4 Nxd4 29.Rxd4 b5
30.f4 Rc8 31.Bf2 Kf7 32.Be3 Ke8 33.Rd1 Bc6 34.Bd3 a6 35.Kf2 Bb7 36.g4 Nd7
37.Bg6+ Kf8 38.Rc1 Rc6 39.Rxc6 Bxc6 40.Bd4 Nb8 41.Kg3 Be8 42.Be4 Bc6 43.Bc2 Bd7
44.Bc5 Nc6 45.Be4 Ke8 46.b4 Kf7 47.Bg6+ Kg8 48.Bc2 Kf7 49.Be4 Ke8 50.Bc2 Kf7
51.Bb3 Ke8 52.Bd1 Nd8 53.Bc2 Bc6 54.g5 Kf7 55.Bg6+ Kg8 56.Bb6 Nf7 57.gxf6 gxf6
58.Bc7 f5 59.Kh4 Nh8 60.Bb6 Nf7 61.Bc5 Bd7 62.Kg3 Nd8 63.Bd4 Nc6 64.Bc5 Kf8
65.Kf3 Kg8 66.Ke3 Kf8 67.Kd3 Kg8 68.Bb6 Kf8  1/2-1/2

[Event "VI Mario Covas"]
[Site "Santos BRA"]
[Date "2006.05.05"]
[Round "7"]
[White "Matsuura,E"]
[Black "Fier,A"]
[Result "1/2-1/2"]
[WhiteElo "2473"]
[BlackElo "2471"]

1.e4 c5 2.c3 Nf6 3.e5 Nd5 4.d4 cxd4 5.Nf3 Nc6 6.Bc4 Nb6 7.Bb3 d5 8.exd6 Qxd6
9.O-O Be6 10.Na3 dxc3 11.Qe2 Bxb3 12.axb3 e5 13.Nb5 Qb8 14.bxc3 Be7 15.Bg5 f6
16.Be3 Nc8 17.Nh4 O-O 18.Nf5 a6 19.Qg4 g6 20.Nxe7+ N8xe7 21.Qe6+ Kg7 22.Nd6 Qc7
23.Rad1 Nd8 24.Qh3 Nf7 25.Nxf7 Rxf7 26.Rd7 Qc6 27.Bh6+ Kg8 28.Rfd1 Re8 29.R7d6 Qc8
30.Qxc8 Nxc8 31.Re6 Rff8 32.Rxe8 Rxe8 33.Rd7 b5 34.Rg7+ Kh8 35.Rf7 f5 36.Bg5 Nd6
37.Bf6+ Kg8 38.Rg7+ Kf8 39.Rxh7 Nf7 40.Rg7 g5 41.Rg6 Re6 42.Bg7+ Ke7 43.Bf8+ Kd7
44.Rg7 Rf6 45.f3 Ke6 46.Kf2 f4 47.Ke2 Nd8 48.Ba3 Nf7 49.Kd3 Rh6 50.h3 Kf6
51.Rg8 Rh8 52.Rxh8 Nxh8 53.Ke4 Ke6 54.c4 bxc4 55.bxc4 Nf7 56.c5 Nd8 57.Bb2 Nc6
58.Ba1 a5 59.Bc3 a4 60.Bb2 Nd4 61.Ba3 Nb5 62.Bb2 Nd4 63.Ba3 Nb5  1/2-1/2

[Event "RC SPORT Open"]
[Site "Usti nad Orlici CZE"]
[Date "2006.05.06"]
[Round "9"]
[White "Chladek,Va"]
[Black "Voloshin,L"]
[Result "0-1"]
[WhiteElo "2160"]
[BlackElo "2471"]

1.e4 c5 2.c3 Nf6 3.e5 Nd5 4.d4 cxd4 5.Qxd4 e6 6.Nf3 Nc6 7.Qe4 d6 8.Nbd2 dxe5
9.Nxe5 Nf6 10.Qa4 Bd7 11.Nxd7 Qxd7 12.Bb5 Rc8 13.Nf3 a6 14.Bxc6 Qxc6 15.Qxc6+ Rxc6
16.Nd4 Rc8 17.Bf4 Bc5 18.Rd1 Rd8 19.Be3 Ng4 20.Ke2 Nxe3 21.fxe3 Ke7 22.b4 Bd6
23.a3 Rc8 24.Kd3 g6 25.Nf3 a5 26.Rb1 Rhd8 27.Kc2 axb4 28.axb4 Rc4 29.Nd2 Rg4
30.g3 h5 31.Nf3 Rc8 32.Kd3 f5 33.Rbc1 e5 34.Ke2 Rgc4 35.Kd2 Kf6 36.Rhf1 R8c7
37.Ng1 h4 38.Ne2 hxg3 39.hxg3 Kg5 40.Rh1 Rd7 41.Kc2 Re4 42.Rcd1 Rxe3 43.Rhe1 Rd8
44.Rd5 Be7 45.Rxd8 Bxd8 46.Kd2 Rf3 47.c4 Rb3  0-1

[Event "Open"]
[Site "Salsomaggiore ITA"]
[Date "2006.05.12"]
[Round "1"]
[White "Gilardone,A"]
[Black "Sanzani,P"]
[Result "1-0"]
[WhiteElo "2145"]
[BlackElo "1895"]

1.e4 c5 2.c3 Nf6 3.e5 Nd5 4.d4 cxd4 5.Nf3 e6 6.Bc4 Nb6 7.Bb3 Nc6 8.O-O d6
9.cxd4 g6 10.Bg5 Be7 11.Bh6 dxe5 12.dxe5 Qxd1 13.Rxd1 Nd7 14.Nc3 a6 15.Rac1 Bf8
16.Bf4 Bg7 17.Ba4 O-O 18.Bxc6 bxc6 19.Ne4 Nb6 20.Rxc6 Nd5 21.Bg3 Bb7 22.Rc4 Nb6
23.Rb4 Bxe4 24.Rxe4 Nd5 25.Rc4 Rfb8 26.b3 a5 27.h3 Rb4 28.Rdc1 Nb6 29.Rc7 a4
30.Rb7 axb3 31.axb3 Rxb3 32.Kh2 Rb4 33.Rcc7 Rf8 34.Ra7 Nd5 35.Rd7 Nb6 36.Rd2 Bh6
37.Rc2 Nd5 38.Bh4 Rfb8 39.Bg5 Bf8 40.Bc1 h6 41.Nd2 Kg7 42.Ba3 R4b7 43.Bxf8+ Kxf8
44.Rxb7 Rxb7 45.Rc8+ Kg7 46.Ne4 Rc7 47.Rd8 Ra7 48.Nd6 h5 49.Kg3 Ne7 50.Kf4 Nc6
51.Rc8 Ra4+ 52.Kg5 Nxe5 53.Rc7 Ra6 54.Ne8+ Kf8 55.Nf6 Rc6 56.Rb7 Rc8 57.f4 Nc6
58.Kh6 Nd8 59.Ra7 Rc4 60.Nd7+ Ke8 61.Kg5 Rc2 62.g4 hxg4 63.hxg4 Ke7 64.Ne5+ Ke8
65.Kf6 Rf2 66.Re7+ Kf8 67.Nd7+ Kg8 68.Re8+ Kh7 69.Nf8+ Kh6 70.Nxg6  1-0

[Event "ch-UKR sf"]
[Site "Alushta UKR"]
[Date "2006.05.14"]
[Round "2"]
[White "Kislinsky,A"]
[Black "Shumilov,I"]
[Result "1-0"]
[WhiteElo "2445"]
[BlackElo "2168"]

1.e4 c5 2.c3 Nf6 3.e5 Nd5 4.Nf3 Nc6 5.d4 cxd4 6.Bc4 e6 7.cxd4 d6 8.Qe2 Be7
9.O-O O-O 10.Re1 Qb6 11.Qe4 dxe5 12.dxe5 Bc5 13.Re2 Nd4 14.Nxd4 Bxd4 15.Na3 Bd7
16.Bb3 f5 17.Qh4 Bc6 18.Nc4 Qc5 19.Bg5 b5 20.Na5 Bd7 21.Bxd5 exd5 22.Nb3  1-0

[Event "1st Open"]
[Site "Sofia BUL"]
[Date "2006.05.14"]
[Round "5"]
[White "Jordanova,S"]
[Black "Nikolov,M"]
[Result "1/2-1/2"]
[WhiteElo "2185"]
[BlackElo "2451"]

1.e4 c5 2.c3 Nf6 3.e5 Nd5 4.d4 cxd4 5.Nf3 e6 6.cxd4 d6 7.Bc4 Nc6 8.O-O Be7
9.Qe2 Nb6 10.Bb3 d5 11.Nc3 a5 12.a4 Nb4 13.Nb5 Bd7 14.Bd2 O-O 15.Rac1 Bc6
16.Rc3 Qd7 17.h4 Rfc8 18.Ng5 h6 19.Nxf7 Kxf7 20.Qh5+ Kg8 21.Rg3 Bf8 22.Nd6 Rc7
23.Qg6 Bxa4 24.Bxa4 Nxa4 25.Bxh6 Nxb2 26.h5 Nc4 27.Bxg7 Bxg7 28.h6 Nxd6 29.exd6 Qxd6
30.hxg7 Qf4 31.Qxe6+ Rf7 32.Re1 Qxf2+ 33.Kh2 Qxg3+ 34.Kxg3 Ra6 35.Qc8+ Kxg7
36.Re8 Rg6+ 37.Kh2 Nc6 38.Rg8+ Kf6 39.Rh8 Ne7 40.Qxb7 Kg7 41.Rh3 Rg5 42.Qa8 Ng6
43.Rg3 Rgf5 44.Qxa5 R7f6 45.Qc7+ Rf7 46.Qc6 R7f6 47.Qd7+ Rf7 48.Qd6 R7f6
49.Qc7+ Rf7 50.Qb6 R7f6 51.Qa7+ Rf7 52.Qa8 Rh5+ 53.Rh3 Rg5 54.Qd8 Rgf5 55.Rg3 R7f6
56.Ra3 Rh5+ 57.Rh3 Rhf5 58.Rc3 Rh5+ 59.Kg1 Rf7 60.Rc7 Rf5 61.Rxf7+ Kxf7 62.g4 Rf4
63.Qxd5+ Kg7 64.g5 Rf7 65.Qd6 Rf5 66.Qd7+ Rf7 67.Qd8 Nf4 68.d5 Kg6 69.Qe8 Nh3+
70.Kg2 Nxg5 71.d6 Kf6 72.d7 Ne6 73.Qxe6+ Kxe6 74.d8=Q  1/2-1/2

[Event "ch-UKR sf"]
[Site "Alushta UKR"]
[Date "2006.05.17"]
[Round "5"]
[White "Goreskul,A"]
[Black "Zherebukh,Y"]
[Result "0-1"]
[WhiteElo "2266"]
[BlackElo "2331"]

1.e4 c5 2.c3 Nf6 3.e5 Nd5 4.g3 Nc6 5.Bg2 Qc7 6.f4 e6 7.Qe2 a6 8.d3 b5 9.Nf3 d6
10.c4 Nb6 11.Nc3 Bb7 12.cxb5 Nd4 13.Nxd4 cxd4 14.exd6 Bxd6 15.Ne4 O-O 16.O-O axb5
17.f5 exf5 18.Rxf5 Rae8 19.Qf2 Be5 20.Bd2 Nd5 21.Rc1 Qe7 22.Nc5 Bc6 23.Nb3 Qd7
24.Be4 Ba8 25.Nc5 Qd6 26.Rf3 Ne3 27.a3 f5 28.Bxa8 Rxa8 29.Bb4 Qd5 30.Qe2 Rf6
31.Rf2 Rc8 32.Qf3 Qxf3 33.Rxf3 Rfc6 34.Re1 Rxc5 35.Bxc5 Rxc5 36.Rf2 h5 37.Rfe2 Kf7
38.Kf2 g5 39.h4 g4 40.Rh1 Ke6 41.Rhe1 Kd6 42.Rh1 f4 43.gxf4 Bxf4 44.Rg1 Bh2
45.Rh1 g3+  0-1

[Event "3rd All-China Games"]
[Site "Suzhou CHN"]
[Date "2006.05.20"]
[Round "1"]
[White "Ning Chunhong"]
[Black "Wang Rui"]
[Result "0-1"]
[WhiteElo "2363"]
[BlackElo "2497"]

1.e4 c5 2.c3 Nf6 3.e5 Nd5 4.d4 e6 5.Nf3 d6 6.c4 Nb4 7.a3 N4c6 8.dxc5 Nxe5
9.cxd6 Nxf3+ 10.Qxf3 Bxd6 11.Nc3 Nc6 12.Be3 Be5 13.Be2 O-O 14.O-O Qc7 15.h3 Bd7
16.Rad1 Rfd8 17.Nb5 Qb8 18.b4 a6 19.Nd4 Ne7 20.Rd2 Bh2+ 21.Kh1 Bc7 22.Bd3 Ng6
23.Qh5 Nf8 24.Bc2 Be8 25.Nf3 Rxd2 26.Bxd2 f6 27.Qh4 e5 28.Bc3 Qa7 29.Rd1 Rd8
30.Rxd8 Bxd8 31.Kg1 Qb8 32.c5 Bf7 33.Qe4 Qc7 34.Qd3 Be7 35.Nd2 Kh8 36.Bb3 Ne6
37.g3 Qc6 38.Qd5 Qc8 39.Qd3 Bg6 40.Qd5 Nc7 41.Qc4 Bf5 42.h4 Bd7 43.Qf1 Qd8
44.Ne4 Nb5 45.Bb2 Bc6 46.Qc4 g6 47.a4 Nc7 48.Qf1 Bxe4  0-1

[Event "ch-UKR sf"]
[Site "Alushta UKR"]
[Date "2006.05.21"]
[Round "9"]
[White "Khaetsky,R"]
[Black "Baryshpolets,A"]
[Result "1/2-1/2"]
[WhiteElo "2408"]
[BlackElo "2230"]

1.e4 c5 2.c3 Nf6 3.e5 Nd5 4.d4 cxd4 5.Nf3 e6 6.cxd4 b6 7.Nc3 Nxc3 8.bxc3 Qc7
9.Bd2 Bb7 10.Bd3 d6 11.O-O Nd7 12.exd6 Bxd6 13.h3 O-O 14.a4 Bf4 15.Ng5 Nf6
16.Re1 h6 17.Ne4 Bxe4 18.Bxe4 Rac8 19.Rc1 Bxd2 20.Qxd2 Nxe4 21.Rxe4 Qc4 22.Rg4 Kh8
23.Qf4 Qd5 24.Re1 Qf5 25.Qxf5 exf5 26.Rg3 Rfe8 27.Rxe8+ Rxe8 28.Re3 Rc8 29.d5 Kg8
30.Re7 Rxc3 31.Rxa7 Rd3 32.Ra8+ Kh7 33.Rd8 Rd4 34.Rd6 Rxa4 35.Rxb6 Rd4 36.Rd6 g6
37.Kf1 Kg7 38.Ke2 Kf8 39.Ke3 Rd1 40.Ke2 Ke7 41.Rxg6  1/2-1/2

[Event "37th Olympiad w"]
[Site "Turin ITA"]
[Date "2006.05.21"]
[Round "1"]
[White "Sommer,S"]
[Black "Vajda,S"]
[Result "0-1"]
[WhiteElo "2047"]
[BlackElo "2403"]

1.e4 c5 2.c3 Nf6 3.e5 Nd5 4.d4 cxd4 5.Nf3 e6 6.cxd4 d6 7.a3 Bd7 8.Bd3 Bc6
9.O-O Be7 10.Qe2 Nd7 11.b4 a6 12.Bxa6 dxe5 13.dxe5 bxa6 14.Bd2 Rc8 15.Rc1 Qb6
16.Nc3 Nxc3 17.Rxc3 h6 18.Rac1 O-O 19.Be3 Rfd8 20.Rxc6 Rxc6 21.Qxa6 Qb5 22.Qa7 Bf6
23.h3 Qd5 24.Qc7 Nc5 25.Rxc5 Qd1+ 26.Kh2 Qd6 27.Rc4 Qc5 28.Bxc5 Rd3 29.Be7 Rd7
30.Bc5 Rdd6 31.Bb6 Rd4 32.Rxc6 Rxb4 33.g3 h5 34.Rc2 Rb2 35.Kg2 Kh7 36.g4 Be7  0-1

[Event "37th Olympiad w"]
[Site "Turin ITA"]
[Date "2006.05.21"]
[Round "1"]
[White "Perez Rodriguez,Je"]
[Black "Cordero,D"]
[Result "1-0"]
[WhiteElo "2263"]
[BlackElo "2031"]

1.e4 c5 2.c3 Nf6 3.e5 Nd5 4.d4 cxd4 5.Nf3 e6 6.cxd4 d6 7.Bd3 Nc6 8.O-O dxe5
9.dxe5 Ndb4 10.Be4 Qxd1 11.Rxd1 Bd7 12.Nc3 Be7 13.Nb5 Na6 14.Be3 f5 15.Bxc6 bxc6
16.Nd6+ Bxd6 17.Rxd6 h6 18.Rad1 Nb8 19.h4 g6 20.Nd4 Ke7 21.Nb3 Rc8 22.Nc5 Rc7
23.Bxh6 Bc8 24.Bg5+ Ke8 25.Nxe6  1-0

[Event "Caissa IM May"]
[Site "Kecskemet HUN"]
[Date "2006.05.22"]
[Round "4"]
[White "Eisenbeiser,K"]
[Black "Farkas,Ti"]
[Result "0-1"]
[WhiteElo "2072"]
[BlackElo "2334"]

1.e4 c5 2.c3 Nf6 3.e5 Nd5 4.d4 cxd4 5.cxd4 d6 6.Nf3 Nc6 7.exd6 Qxd6 8.Nc3 Bg4
9.Be2 e6 10.O-O Be7 11.h3 Bh5 12.Be3 O-O 13.Rc1 Rfd8 14.Qd2 Rac8 15.Rfd1 Qb8
16.a3 h6 17.Qe1 Nxc3 18.Rxc3 Bf6 19.Rcd3 Ne7 20.Rc1 Nd5 21.Rxc8 Rxc8 22.Rd2 Nf4
23.Bxf4 Qxf4 24.Qd1 Rc6 25.d5 exd5 26.Rxd5 Bxf3 27.Bxf3 Rc1  0-1

[Event "37th Olympiad w"]
[Site "Turin ITA"]
[Date "2006.05.22"]
[Round "2"]
[White "Paridar,S"]
[Black "Djingarova,E"]
[Result "1/2-1/2"]
[WhiteElo "2210"]
[BlackElo "2319"]

1.e4 c5 2.c3 Nf6 3.e5 Nd5 4.d4 cxd4 5.Nf3 e6 6.cxd4 d6 7.Bc4 Nb6 8.Bd3 dxe5
9.dxe5 N8d7 10.O-O Nc5 11.Be2 Qxd1 12.Rxd1 Bd7 13.Nc3 Be7 14.Nd4 O-O 15.Be3 Rfd8
16.b3 Be8 17.Bf3 Rab8 18.Ndb5 Rd3 19.Rdc1 a6 20.Nd6 Bxd6 21.exd6 Ncd7 22.Ne4 f5
23.Nc5 Rxd6 24.Nxb7 Rd3 25.Nc5 Nxc5 26.Rxc5 Bb5 27.Bf4 Nd7 28.Bxb8 Nxc5 29.Rc1 Nd7
30.Bg3 Nf6 31.h4 Nd5 32.Be5 Rd2 33.a4 Bd7 34.Kf1 Rd3 35.Bd1 Nb4 36.Ke2 Rd5
37.Bc7 Nd3 38.Rb1 Nb4 39.Rc1 Nd3 40.Rb1 Nb4 41.Rc1  1/2-1/2

[Event "37th Olympiad w"]
[Site "Turin ITA"]
[Date "2006.05.22"]
[Round "2"]
[White "Fridthjofsdottir,S"]
[Black "Saleh,No"]
[Result "0-1"]
[WhiteElo "1876"]
[BlackElo "1925"]

1.e4 c5 2.c3 Nf6 3.e5 Nd5 4.d4 cxd4 5.Nf3 Nc6 6.cxd4 Qc7 7.Bd3 g6 8.O-O Bg7
9.Na3 O-O 10.Nb5 Qb8 11.Bc4 Nb6 12.Bb3 a6 13.Nc3 Na5 14.Bc2 d6 15.Re1 Bg4
16.Bf4 dxe5 17.Bxe5 Bxe5 18.Rxe5 Nc6 19.Re1 Rd8 20.h3 Bxf3 21.Qxf3 Nxd4 22.Qe4 e6
23.Rac1 Qc7 24.Qh4 Nxc2 25.Rxc2 Nd5 26.Rcc1 Nxc3 27.Rxc3 Qd7 28.Qf6 Rac8
29.Rf3 Rf8 30.h4 Rc5 31.Rh3 Qd2 32.Rhe3 Rf5 33.Qc3 Qxf2+ 34.Kh1 Qxh4+ 35.Rh3 Qf2
36.Ree3 Rg5 37.Reg3 Rc5 38.Qf3 Rc1+ 39.Kh2 Qg1+  0-1

[Event "37th Olympiad w"]
[Site "Turin ITA"]
[Date "2006.05.23"]
[Round "3"]
[White "Dymshits,G"]
[Black "Ellappen,J"]
[Result "1-0"]
[WhiteElo "2048"]
[BlackElo "1934"]

1.e4 c5 2.c3 Nf6 3.e5 Nd5 4.d4 cxd4 5.cxd4 d6 6.Nf3 g6 7.Bc4 Nb6 8.Bb3 Bg7
9.O-O Nc6 10.Bf4 d5 11.Nc3 O-O 12.Qd2 Re8 13.Rfe1 Na5 14.Bd1 Nac4 15.Qe2 Bf5
16.b3 Na5 17.Nh4 Bd7 18.Qd2 Rc8 19.Rc1 Nc6 20.Nf3 a6 21.Bh6 Bh8 22.Qf4 Bg7
23.Bxg7 Kxg7 24.Bc2 e6 25.h4 f6 26.Bb1 Rf8 27.Qg3 Qe8 28.Ne2 Qf7 29.h5 Ne7
30.hxg6 hxg6 31.Nh4 fxe5 32.dxe5 Bb5 33.Nd4 Bd7 34.Ndf3 a5 35.Qg5 a4 36.Bd3 axb3
37.axb3 Na8 38.Qg3 Nc7 39.Rc2 Na6 40.Rec1 Nb4 41.Rxc8 Rxc8 42.Rxc8 Bxc8 43.Bb1 Bd7
44.Nd4 Na6 45.Ne2 Nc5 46.Bc2 Be8 47.Nf4 Ne4 48.Bxe4 dxe4 49.Nh5+ Kf8 50.Nf6 Bc6
51.Qf4 Nd5 52.Qh6+ Ke7 53.Nxg6+ Kd8 54.Qg5 Nxf6 55.exf6 Kc8 56.Ne5  1-0

[Event "37th Olympiad w"]
[Site "Turin ITA"]
[Date "2006.05.23"]
[Round "3"]
[White "Sommer,S"]
[Black "Chelushkina,I"]
[Result "0-1"]
[WhiteElo "2047"]
[BlackElo "2320"]

1.e4 c5 2.c3 Nf6 3.e5 Nd5 4.d4 cxd4 5.Nf3 e6 6.cxd4 d6 7.a3 Bd7 8.Bd3 Bc6
9.O-O Be7 10.Qe2 a6 11.Bd2 Nd7 12.b4 Nf8 13.Re1 Ng6 14.g3 Rc8 15.h4 Nf8 16.Ng5 dxe5
17.dxe5 Qb6 18.Nc3 Nxc3 19.Bxc3 Bxg5 20.hxg5 h6 21.g6 Nxg6 22.Bxg6 fxg6 23.Qg4 O-O
24.Qxe6+ Kh7 25.Ra2 Rcd8 26.Rae2 Rf3 27.Re3 Rdf8 28.Qg4 Rxf2 29.Qh3 R2f3
30.Bd2 Rd8 31.Qg2 Rd3 32.Qe2 Qd4 33.Qxd3 Rxg3+ 34.Kf2 Qf4+ 35.Rf3 Rxf3+ 36.Ke2 Qg4
37.Be3 Bb5 38.Kd2 Bxd3 39.Kxd3 Qg3 40.Kd4  0-1

[Event "37th Olympiad w"]
[Site "Turin ITA"]
[Date "2006.05.25"]
[Round "5"]
[White "Guerrero Rodriguez,Alej"]
[Black "Zigangirova,S"]
[Result "0-1"]
[WhiteElo "2157"]
[BlackElo "2314"]

1.e4 c5 2.c3 Nf6 3.e5 Nd5 4.d4 cxd4 5.Nf3 e6 6.cxd4 b6 7.Bd3 Ba6 8.O-O Be7
9.Nc3 Nxc3 10.bxc3 Qc7 11.Qe2 Bxd3 12.Qxd3 d5 13.exd6 Bxd6 14.d5 e5 15.Re1 Nd7
16.Nd4 O-O 17.Nf5 Nc5 18.Qg3 f6 19.Bh6 Rf7 20.Bd2 Kh8 21.c4 Bf8 22.Rad1 Nb7
23.Qh4 Rc8 24.Rc1 Bc5 25.Rc3 Bb4 26.Rh3 g5 27.Qh5 Bxd2 28.d6 Qd7 29.Ne7 Rxe7
30.dxe7 Qxe7 31.Rd1 Bb4 32.Rhd3 Nd6 33.h4 gxh4 34.Qxh4 Rxc4 35.Qh6 Rf4 36.g3 Rg4
37.Kg2 Rg6 38.Qc1 Bc5 39.Qd2 f5 40.Rd5 Bd4 41.Qe2 Qf7 42.Qf3 f4 43.Qb3 f3+
44.Qxf3 Rf6 45.R5xd4 Rxf3 46.Rxd6 Rxf2+ 47.Kg1 Qxa2  0-1

[Event "9th L.Kaplun Mem"]
[Site "Ternopil UKR"]
[Date "2006.05.26"]
[Round "5"]
[White "Udovik,A"]
[Black "Kachur,A"]
[Result "0-1"]
[WhiteElo "2094"]
[BlackElo "2261"]

1.e4 c5 2.c3 Nf6 3.e5 Nd5 4.Nf3 e6 5.c4 Ne7 6.b3 Nbc6 7.Bb2 Ng6 8.Na3 Be7
9.h4 f6 10.Bd3 Nf4 11.Bf1 O-O 12.h5 fxe5 13.g3 e4 14.Nh4 Nd3+ 15.Bxd3 exd3
16.h6 Bf6 17.hxg7 Rf7 18.Bxf6 Qxf6 19.O-O e5 20.Nb5 d6 21.Nc3 Rxg7 22.Kh2 Bg4
23.f3 Bd7 24.f4 Bg4 25.Qe1 Rf8 26.Qe3 Qh6 27.Nd5 Be2 28.fxe5 Qxe3 29.Rxf8+ Kxf8
30.Nxe3 dxe5 31.Kg2 Nd4 32.Rh1 Rf7 33.Rg1 Ke8 34.Kh2 Kd7 35.Rg2 Kd6 36.Kg1 Bf3
37.Rf2 e4 38.Kf1 Ke5 39.Kg1 Rf6 40.Kf1 Ra6 41.Nxf3+ Nxf3 42.Ng4+ Kd4 43.Nh2 Rxa2
44.Nxf3+ exf3 45.Rh2 Rb2 46.Rh4+ Ke5 47.Kf2 Rxd2+ 48.Kxf3 Re2 49.Rxh7 Kd4
50.Rh1 Re7 51.Rd1 Kc3 52.Rc1+ Kb2  0-1

[Event "37th Olympiad w"]
[Site "Turin ITA"]
[Date "2006.05.27"]
[Round "6"]
[White "Khamrakulova,I"]
[Black "Topel,Z"]
[Result "0-1"]
[WhiteElo "2200"]
[BlackElo "2132"]

1.e4 c5 2.c3 Nf6 3.e5 Nd5 4.d4 cxd4 5.Nf3 Nc6 6.cxd4 d6 7.Nc3 Nxc3 8.bxc3 d5
9.h3 Bf5 10.Be2 e6 11.O-O Be7 12.Nh2 Rc8 13.f4 Qb6 14.Kh1 O-O 15.Bf3 Na5
16.g4 Be4 17.Qe1 Bd3 18.Rg1 Qc6 19.Qe3 Qxc3 20.Bd2 Nc4 21.Bxc3 Nxe3 22.Bb2 Nc4
23.Rg2 Nxb2 24.Rxb2 b5 25.Rd1 Rc3 26.Bg2 Rfc8 27.Nf1 Bc2 28.Re1 a6 29.Re3 Rxe3
30.Nxe3 Ba4 31.Re2 Rc3 32.f5 Bg5 33.Nf1 Rd3 34.fxe6 fxe6 35.Kh2 Rxd4 36.Rf2 Bf4+
37.Kh1 b4 38.Rb2 Bb5 39.Rc2 Rd1 40.Rf2 Bxe5 41.g5 Bd4 42.Rf4 Be3  0-1

[Event "37th Olympiad w"]
[Site "Turin ITA"]
[Date "2006.05.27"]
[Round "6"]
[White "Hallaeva,B"]
[Black "Stock,L"]
[Result "0-1"]
[WhiteElo "2135"]
[BlackElo "2200"]

1.e4 c5 2.c3 Nf6 3.e5 Nd5 4.d4 cxd4 5.Nf3 Nc6 6.cxd4 d6 7.Bc4 e6 8.O-O Be7
9.Qe2 Nb6 10.Bb3 d5 11.Nc3 Bd7 12.Be3 Rc8 13.Nd2 O-O 14.Qh5 Qe8 15.Qh3 f5
16.f4 Nb4 17.Bf2 Bb5 18.Nxb5 Qxb5 19.Bh4 Bxh4 20.Qxh4 Nc2 21.Bxc2 Rxc2 22.Nb3 Rxb2
23.Nc5 Re8 24.a4 Qc4 25.Rfd1 Qe2 26.Qg3 Nc4 27.Re1 Qd2 28.Rad1 Qa5 29.Nd3 Rb3
30.Qg5 Rxd3  0-1

[Event "9th L.Kaplun Mem"]
[Site "Ternopil UKR"]
[Date "2006.05.28"]
[Round "8"]
[White "Udovik,A"]
[Black "Privalov,Y"]
[Result "1-0"]
[WhiteElo "2094"]
[BlackElo "2271"]

1.e4 c5 2.c3 Nf6 3.e5 Nd5 4.Nf3 Nc6 5.Bc4 Nb6 6.Bb3 d5 7.exd6 Qxd6 8.O-O e6
9.Na3 Be7 10.d4 cxd4 11.Nb5 Qb8 12.Nbxd4 Bd7 13.Bg5 Bxg5 14.Nxg5 Qf4 15.Qh5 Nxd4
16.cxd4 Qf5 17.Bxe6 Bxe6 18.Nxe6 Qxh5 19.Nxg7+ Kd7 20.Nxh5 Rac8 21.Rac1 Kd6
22.Nf4 Rhe8 23.f3 Na4 24.Rxc8 Rxc8 25.b3 Nb6 26.Re1 Rc2 27.Re2 Rc1+ 28.Kf2 Rd1
29.Ke3 a5 30.Rd2 Rh1 31.g3 a4 32.Kd3 Rf1 33.Ke4 Rb1 34.bxa4 Nxa4 35.Rd3 Rb2
36.Rb3 Rxa2 37.Rxb7 Rxh2 38.Rxf7 Nc3+ 39.Kf5 Nb5 40.d5 h5 41.Rf6+ Kd7 42.Ke5 Rh1
43.Nd3 Rd1 44.Nc5+ Ke7 45.Rb6 Nd4 46.d6+ Kf7 47.f4 h4 48.gxh4 Nf3+ 49.Ke4 Nd2+
50.Kf5 Nc4 51.Rb7+ Ke8 52.Re7+ Kf8 53.Ne6+ Kg8 54.d7 Nd6+ 55.Kf6  1-0

[Event "37th Olympiad w"]
[Site "Turin ITA"]
[Date "2006.05.29"]
[Round "8"]
[White "Chierici,M"]
[Black "Rantanen,T"]
[Result "1/2-1/2"]
[WhiteElo "1922"]
[BlackElo "2123"]

1.e4 c5 2.c3 Nf6 3.e5 Nd5 4.d4 cxd4 5.Nf3 b6 6.cxd4 Bb7 7.Nc3 e6 8.Bd3 Nxc3
9.bxc3 Qc7 10.Bd2 d6 11.O-O Nd7 12.Ng5 Be7 13.Qh5 g6 14.Qh3 Bxg5 15.Bxg5 dxe5
16.dxe5 Qxe5 17.f4 Qxc3 18.Rac1 Qd4+ 19.Kh1 h6 20.Bh4 O-O 21.Bf2 Qd5 22.Bc4 Qh5
23.Qxh5 gxh5 24.Bb5 Nf6 25.Bd4 Ne4 26.Rc7 Bd5 27.Rfc1 Rfd8 28.Be3 Nd6 29.Bf1 Rdc8
30.a4 Rxc7 31.Rxc7 Rc8 32.Rxc8+ Nxc8 33.Ba6 Nd6 34.a5 Bc4 35.Bxc4 Nxc4 36.axb6 axb6
37.Bd4 Kf8 38.Kg1 Ke7 39.Kf2 Kd6 40.Kg3 Kd5 41.Ba1 Ke4 42.Kh4 Kxf4 43.Kxh5 e5
44.Kxh6 e4 45.Kg7 f5 46.h4 Kg4 47.Kg6 Kxh4 48.Kxf5 e3 49.Ke4 e2 50.Bc3 Kg3
51.Kd3 Nd6 52.Kxe2 Kxg2 53.Bb4 Nc4 54.Kd3 Ne5+ 55.Kd4 Nd7 56.Kc4 Kf3 57.Kb5 Ke4
58.Ba5  1/2-1/2

[Event "28th Nezhmetdinov mem"]
[Site "Kazan RUS"]
[Date "2006.06.01"]
[Round "1"]
[White "Hamidullin,A"]
[Black "Vorobiov,E"]
[Result "0-1"]
[WhiteElo "2262"]
[BlackElo "2540"]

1.e4 c5 2.c3 Nf6 3.e5 Nd5 4.d4 cxd4 5.Nf3 Nc6 6.Bc4 Nb6 7.Bb3 d5 8.exd6 Qxd6
9.Na3 dxc3 10.Qe2 Bf5 11.Nb5 Qd7 12.Ne5 Nxe5 13.Qxe5 Rc8 14.Nxa7 cxb2 15.Bxb2 Nc4
16.Bxc4 Rxc4 17.O-O f6 18.Qb8+ Kf7 19.Rfd1 Qc7 20.Qxc7 Rxc7 21.Rac1 Rxc1
22.Rxc1 e5 23.Rc7+ Kg6 24.Rxb7 Bc5 25.Nc6 Rc8 26.Na5 Rd8 27.h4 Rd1+ 28.Kh2 Bxf2
29.Nc6 Bg1+ 30.Kh1 Be4 31.Ne7+ Kh5  0-1

[Event "White Nights Open"]
[Site "St Petersburg RUS"]
[Date "2006.06.01"]
[Round "9"]
[White "Karalkin,M"]
[Black "Mukhlisov,V"]
[Result "1-0"]
[WhiteElo "2228"]
[BlackElo "2140"]

1.e4 c5 2.c3 Nf6 3.e5 Nd5 4.Nf3 e6 5.d4 cxd4 6.cxd4 Nc6 7.Bc4 d6 8.O-O Be7
9.Nbd2 Qc7 10.Re1 O-O 11.a3 a6 12.Bd3 Nf4 13.Bb1 Ng6 14.Qc2 Bd7 15.h4 Rfc8
16.h5 Nf8 17.Qe4 b5 18.Qg4 d5 19.Nf1 Be8 20.Bh6 g6 21.Ng3 Ra7 22.hxg6 hxg6
23.Nh5 Nh7 24.Nf4 Bd8 25.Nxg6 fxg6 26.Bxg6 Bxg6 27.Qxg6+ Kh8 28.Qe8+  1-0

[Event "28th Nezhmetdinov mem"]
[Site "Kazan RUS"]
[Date "2006.06.02"]
[Round "2"]
[White "Sokolov,Sergei"]
[Black "Bocharov,D"]
[Result "0-1"]
[WhiteElo "2367"]
[BlackElo "2559"]

1.e4 c5 2.c3 Nf6 3.e5 Nd5 4.Nf3 Nc6 5.Bc4 Nb6 6.Bb3 c4 7.Bc2 d6 8.exd6 Qxd6
9.O-O g6 10.Na3 Bg7 11.Qe2 Be6 12.b3 cxb3 13.axb3 O-O 14.d4 Rac8 15.Bd2 Rfd8
16.Rfd1 Bd5 17.Nc4 Qf6 18.Nfe5 Qe6 19.Re1 Bxc4 20.Nxc4 Qxe2 21.Rxe2 Nxc4
22.bxc4 Bxd4 23.Be4 Bf6 24.Bxc6 Rxc6 25.Rxa7 Rd7 26.g3 Kg7 27.Ra4 e6 28.Kg2 g5
29.h3 Kg6 30.Rb4 Rxd2 31.Rxd2 Bxc3 32.Rdb2 Bxb2 33.Rxb2 b6 34.Rb5 f5 35.Kf3 h5
36.Kg2 Kf6 37.Kf3 e5 38.Ke3 f4+ 39.Kf3 Ke6 40.Kg2 Kf5 41.Kf3 g4+ 42.hxg4+ hxg4+
43.Ke2 f3+ 44.Kd3 Rd6+ 45.Ke3 Rd1 46.Rxb6 Re1+ 47.Kd3 e4+ 48.Kd4 Rd1+ 49.Kc3 e3  0-1

[Event "37th Olympiad w"]
[Site "Turin ITA"]
[Date "2006.06.02"]
[Round "11"]
[White "Thorsteinsdottir,G"]
[Black "Seps,M"]
[Result "0-1"]
[WhiteElo "2138"]
[BlackElo "2247"]

1.e4 c5 2.c3 Nf6 3.e5 Nd5 4.Nf3 Nc6 5.d4 cxd4 6.cxd4 d6 7.Bc4 Nb6 8.Bb5 d5
9.Nc3 Bg4 10.Be3 e6 11.Rc1 Rc8 12.O-O Be7 13.h3 Bf5 14.a3 O-O 15.Bd3 Bxd3
16.Qxd3 Nc4 17.Rc2 Qb6 18.Bc1 Qb3 19.Nd2 Nxd2 20.Rxd2 Na5 21.Qg3 Kh8 22.Rd3 Qb6
23.h4 Rc4 24.Rfd1 f6 25.h5 fxe5 26.h6 g6 27.Qxe5+ Bf6 28.Rf3 Qd8 29.Qxe6 Rc6
30.Qxd5 Rd6 31.Qb5 a6 32.Qb4 Nc6 33.Qc4 b5 34.Qc5 Nxd4 35.Rxd4 Bxd4 36.Qg5 Rxf3
37.gxf3 Bxc3 38.bxc3 Qxg5+ 39.Bxg5 Kg8 40.Kg2 Kf7 41.Be3 Ke6 42.f4 Kf5 43.Bc5 Rd3
44.Bb4 Kxf4 45.Kf1 Kf3 46.Ke1 Rd5 47.Bf8 g5 48.Bg7 g4 49.Bf8 Re5+ 50.Kf1 Re2
51.Bc5 Rc2 52.Kg1 Rxc3  0-1

[Event "Summer-1"]
[Site "Alushta UKR"]
[Date "2006.06.05"]
[Round "5"]
[White "Shtyrenkov,V"]
[Black "Zinchenko,Ya"]
[Result "1/2-1/2"]
[WhiteElo "2416"]
[BlackElo "2499"]

1.e4 c5 2.c3 Nf6 3.e5 Nd5 4.d4 cxd4 5.Qxd4 e6 6.Nf3 Nc6 7.Qe4 d6 8.Nbd2 dxe5
9.Nxe5 Nxe5 10.Qxe5 Qd6 11.Bb5+ Bd7 12.Qxd6 Bxd6 13.Bxd7+ Kxd7  1/2-1/2